00910cam a22002531 45000010005000000030008000050050017000130080039000300350018000690350019000870400027001060410008001330820021001411000047001622450085002092600052002943000027003464900092003735000026004655000063004915040019005546500047005736510036006205680BD-RjUL20211208234117.0140106s1943 enk 001 0 eng a(BD-RjUL)5719 a(OCoLC)2971836 aDLCcNNUdBD-RjULbeng aeng a338.91bHUP 19431 aHutt, W. H.q(William Harold),d1899-1988.10aPlan for reconstruction :ba project for victory in war and peace /cW. H. Hutt. aLondon :bK. Paul, Trench, Trubner & co.,c1943 aviii, 328 p. ;c22 cm.0 aInternational library of sociology and social reconstruction. Editor: Dr. Karl Mannheim a"First printed 1943." a"List of author's previous contributions quoted": p. viii. aInclude index. 0aReconstruction (1939-1951)zGreat Britain. 0aGreat BritainxEconomic policy.